| 000 | 00506 a2200157 4500 | ||
|---|---|---|---|
| 999 |
_c8492 _d8492 |
||
| 020 | _a9780415895880 | ||
| 050 | _aPN1995.9 RAD 2011 | ||
| 100 |
_aRadner, Hilary _eauthor |
||
| 245 |
_aFeminism at the movie; _bUnderstanding gender in contemporary popular cinema/ |
||
| 264 |
_aNew York: _bRoutledge; _c2011 |
||
| 300 |
_aix,310p.; _bill. |
||
| 500 | _aIncludes contributors and index | ||
| 650 | _aRelationship, identity and family | ||
| 700 |
_aStringer, Rebecca _eeditor |
||
| 942 |
_2lcc _cBK _h1995.9 _iRAD _kPN |
||